Devinez la Capitale Mystère #69 - Statistiques

Statistiques générales
  • Ce quiz a été pris 135 fois
  • Le résultat moyen est 30 sur 32
Statistiques - réponses
Type de Réponse Réponse % Correct
Lettre Bien Placée A
100%
Lettre Trouvée A
100%
Lettre de l'Alphabet I
100%
Lettre de l'Alphabet R
100%
Lettre de l'Alphabet S
100%
Lettre de l'Alphabet E
99%
Lettre Trouvée L
99%
Lettre de l'Alphabet N
99%
Lettre de l'Alphabet O
99%
Lettre Trouvée P
99%
Lettre de l'Alphabet B
97%
Lettre de l'Alphabet D
97%
Lettre Bien Placée L
97%
Lettre de l'Alphabet T
97%
Lettre de l'Alphabet M
96%
Lettre de l'Alphabet C
95%
Lettre de l'Alphabet G
95%
Lettre de l'Alphabet H
95%
Lettre de l'Alphabet U
95%
Lettre de l'Alphabet V
93%
Lettre Bien Placée A
92%
Lettre de l'Alphabet K
92%
Lettre de l'Alphabet W
92%
Lettre de l'Alphabet X
88%
Lettre de l'Alphabet Y
88%
Lettre de l'Alphabet J
87%
Lettre de l'Alphabet F
85%
Lettre Trouvée Z
85%
Lettre de l'Alphabet Q
83%
Lettre Bien Placée Z
83%
Capitale Mystère La Paz
82%
Lettre Bien Placée P
82%
Aucun quiz correspondant
Distribution des résultats
% des personnes avec chaque résultat
Percentile par nombre de réponses
Votre historique - résultats
Vous n’avez pas pris ce quiz